00729nam a2200241 a 450000100060000000300090000600500170001500800410003202000180007304000280009104100080011908200150012724500960014225000340023826000360027230000270030850000290033550400290036465000340039365000140042770000330044185200130047425429CO-ViMGA20230915232058.0141112s2004 ck r 000 u spa d a9789586828147 aCO-ViMGAbspacCO-ViMGA aspa04a658.8 I5510aInnovación en la investigación de mercados / cInmaculada Aragón Marina ... [et al.]. aEdición Emma Ariza Herrera. aBogotá : bAlfaomega, c2011. a271 p. : il. ; 25 cm. aGlosario : p. 265 - 271. aIncluye bibliografías.14aAdministración de mercadeo.14aMercadeo 1 aInmaculada Aragón, Marina. 17.648.30